000 00747nam a2200253 i 4500
001 186334
003 SpMaBN
005 20240409173024.0
008 161025s1989 sp |||| | spa d
020 _a84-376-0880-5
080 _a821.134.2-32"12"
245 0 0 _aSendebar /
_cedición de Mª Jesús Lacarra.
246 1 3 _aLibro de los engaños
260 _aMadrid :
_bCátedra,
_c[1989]
300 _a182, [4] p. ;
_c18 cm.
490 1 _aLetras hispánicas ;
_v304
500 _aGlosario.
504 _aBibliografía: p. 57-59.
700 1 _aLacarra, María Jesús.
_969330
830 0 0 _aLetras hispánicas ;
_v304
_9235703
852 _aES-MaACL
_jL-30694
_z. - Donat. Miguel A. Velasco
942 _2udc
999 _c186334
_d186334